DEVELOPMENT AND EVALUATION OF AN ALTERNATE MEDIA FILTER FOR DRIP IRRIGATION SYSTEM (Record no. 17606)
[ view plain ]
| 000 -LEADER | |
|---|---|
| fixed length control field | 00448nam a22001337a 4500 |
| 003 - CONTROL NUMBER IDENTIFIER | |
| control field | OSt |
| 082 ## - DEWEY DECIMAL CLASSIFICATION NUMBER | |
| Classification number | 631 |
| 088 ## - REPORT NUMBER | |
| Report number | P542 |
| 100 ## - MAIN ENTRY--AUTHOR NAME | |
| Personal name | ANUSREEE, C.K |
| -- | RESHMA, JACOB |
| -- | SHANA SHERIN, V |
| -- | ARCHANA DAS, N |
| 245 ## - TITLE STATEMENT | |
| Title | DEVELOPMENT AND EVALUATION OF AN ALTERNATE MEDIA FILTER FOR DRIP IRRIGATION SYSTEM |
| 260 ## - PUBLICATION, DISTRIBUTION, ETC. (IMPRINT) | |
| Place of publication | Thavanur |
| Year of publication | 2022 |
| 700 ## - ADDED ENTRY--PERSONAL NAME | |
| Personal name | Dr asha Joseph |
| 942 ## - ADDED ENTRY ELEMENTS (KOHA) | |
| Koha item type | Project Report |
| 260 ## - PUBLICATION, DISTRIBUTION, ETC. (IMPRINT) | |
| -- | Kelappaji College of Agricultural Engineering and Technology |
| Collection code | Home library | Current library | Shelving location | Full call number | Accession Number | Koha item type |
|---|---|---|---|---|---|---|
| Reference | KAUAET | KAUAET | Reference1 | 631 | P542 | Project Report |
